000 00423cam a2200181 4500
001 D14485
008 090401t1968 xxu||||| |||| 00| 0 eng d
035 _a(Sirsi) u15999
041 _aeng
100 _aWillis, Arthur J
245 _aSpecification writing
250 _a5th
260 _aLondon
_bCrosby Lockwood and Son
_c1968
350 _a0
520 _aShelf 137 : 2 copies
942 _n0
948 _c04/03/1997
999 _c87339
_d87339